书目信息 |
| 题名: |
商业银行经营学
|
|
| 作者: | 任远 , 窦育民 主编 | |
| 分册: | ||
| 出版信息: | 西安 西安交通大学出版社 2016.08 |
|
| 页数: | 319页 | |
| 开本: | 26cm | |
| 丛书名: | 普通高等教育金融学专业规划教材 | |
| 单 册: | ||
| 中图分类: | F830.33 | |
| 科图分类: | ||
| 主题词: | 商业银行--shang ye yin hang--经济管理--高等教育--教材 | |
| 电子资源: | ||
| ISBN: | 978-7-5605-8878-0 | |
| 000 | 01203nam 2200289 450 | |
| 001 | 2354735947 | |
| 005 | 20231122151242.51 | |
| 010 | @a978-7-5605-8878-0@dCNY39.80 | |
| 100 | @a20160914d2016 em y0chiy50 ea | |
| 101 | 0 | @achi |
| 102 | @aCN@b610000 | |
| 105 | @aak a 000yy | |
| 200 | 1 | @a商业银行经营学@Ashang ye yin hang jing ying xue@f主编任远, 窦育民 |
| 205 | @a第3版 | |
| 210 | @a西安@c西安交通大学出版社@d2016.08 | |
| 215 | @a319页@c图@d26cm | |
| 225 | 2 | @a普通高等教育金融学专业规划教材@Apu tong gao deng jiao yu jin rong xue zhuan ye gui hua jiao cai |
| 320 | @a有书目 (第318-319页) | |
| 330 | @a本书以商业银行为研究对象, 以银行业务为主线, 通过借鉴国际商业银行的通行做法, 联系我国银行的具体实际, 吸收了当前国内外最新研究成果, 运用现代经济学研究方法, 理论与实践相结合, 定性分析与定量分析相结合, 对银行经营方针、经营思想和管理模型进行了深入探讨。 | |
| 333 | @a西安交通大学“十一五”规划教材 | |
| 410 | 0 | @12001 @a普通高等教育金融学专业规划教材 |
| 606 | 0 | @a商业银行@Ashang ye yin hang@x经济管理@x高等教育@j教材 |
| 690 | @aF830.33@v5 | |
| 701 | 0 | @a任远@Aren yuan@4主编 |
| 701 | 0 | @a窦育民@Adou yu min@4主编 |
| 801 | 0 | @aCN@b人天书店@c20160914 |
| 905 | @aBZT@dF830.33@e18=3 | |
| 商业银行经营学/主编任远, 窦育民.-第3版.-西安:西安交通大学出版社,2016.08 |
| 319页:图;26cm.-(普通高等教育金融学专业规划教材) |
| 使用对象:西安交通大学“十一五”规划教材 |
| ISBN 978-7-5605-8878-0:CNY39.80 |
| 本书以商业银行为研究对象, 以银行业务为主线, 通过借鉴国际商业银行的通行做法, 联系我国银行的具体实际, 吸收了当前国内外最新研究成果, 运用现代经济学研究方法, 理论与实践相结合, 定性分析与定量分析相结合, 对银行经营方针、经营思想和管理模型进行了深入探讨。 |
| ● |
| 相关链接 |
|
|
|
正题名:商业银行经营学
索取号:F830.33/18=3
 
预约/预借
| 序号 | 登录号 | 条形码 | 馆藏地/架位号 | 状态 | 备注 |
| 1 | 2001072145 | 2001072145 | 东辅楼二楼书库/ [索取号:F830.33/18=3] | 在馆 | |
| 2 | 2001072146 | 2001072146 | 东辅楼二楼书库/ [索取号:F830.33/18=3] | 在馆 | |
| 3 | 2001072147 | 2001072147 | 东辅楼二楼书库/ [索取号:F830.33/18=3] | 在馆 | |
| 4 | 2001072148 | 2001072148 | 东辅楼二楼书库/ [索取号:F830.33/18=3] | 在馆 | |
| 5 | 2001072149 | 2001072149 | 东辅楼二楼书库/ [索取号:F830.33/18=3] | 在馆 | |
| 6 | 2001072150 | 2001072150 | 东辅楼二楼书库/ [索取号:F830.33/18=3] | 在馆 | |
| 7 | 2001072151 | 2001072151 | 东辅楼二楼书库/ [索取号:F830.33/18=3] | 在馆 | |
| 8 | 2001072152 | 2001072152 | 东辅楼二楼书库/ [索取号:F830.33/18=3] | 在馆 | |
| 9 | 2001072153 | 2001072153 | 东辅楼二楼书库/ [索取号:F830.33/18=3] | 在馆 | |
| 10 | 2001072154 | 2001072154 | 东辅楼二楼书库/ [索取号:F830.33/18=3] | 在馆 | |
| 11 | 2001072155 | 2001072155 | 东辅楼二楼书库/ [索取号:F830.33/18=3] | 在馆 | |
| 12 | 2001072156 | 2001072156 | 东辅楼二楼书库/ [索取号:F830.33/18=3] | 在馆 | |
| 13 | 2001072157 | 2001072157 | 东辅楼二楼书库/ [索取号:F830.33/18=3] | 在馆 | |
| 14 | 2001072158 | 2001072158 | 东辅楼二楼书库/ [索取号:F830.33/18=3] | 在馆 | |
| 15 | 2001072159 | 2001072159 | 东辅楼二楼书库/ [索取号:F830.33/18=3] | 在馆 | |
| 16 | 2001072160 | 2001072160 | 东辅楼二楼书库/ [索取号:F830.33/18=3] | 在馆 | |
| 17 | 2001072161 | 2001072161 | 东辅楼二楼书库/ [索取号:F830.33/18=3] | 在馆 | |
| 18 | 2001072162 | 2001072162 | 东辅楼二楼书库/ [索取号:F830.33/18=3] | 在馆 | |
| 19 | 2001072163 | 2001072163 | 东辅楼二楼书库/ [索取号:F830.33/18=3] | 在馆 | |
| 20 | 2001072164 | 2001072164 | 东辅楼二楼书库/ [索取号:F830.33/18=3] | 在馆 | |
| 21 | 2001072165 | 2001072165 | 东辅楼二楼书库/ [索取号:F830.33/18=3] | 在馆 | |
| 22 | 2001072166 | 2001072166 | 东辅楼二楼书库/ [索取号:F830.33/18=3] | 在馆 | |
| 23 | 2001072167 | 2001072167 | 东辅楼二楼书库/ [索取号:F830.33/18=3] | 在馆 | |
| 24 | 2001072168 | 2001072168 | 东辅楼二楼书库/ [索取号:F830.33/18=3] | 在馆 | |
| 25 | 2001072169 | 2001072169 | 东辅楼二楼书库/ [索取号:F830.33/18=3] | 在馆 |